000 00649nam a2200241 a 4500
001 0001-0972
003 ELIB.Books
008 140917 2010 eng
020 _a1110987
035 _a(ELIB.Books)0001-1126
092 _a221.95
_bAnd
100 _aAnderson, Bernhard W.
245 _aUnderstanding The Old Testament
260 _aLondon
_bPrentice-Hall International, Inc.
_c1966
300 _a587
_c22.7 Cm
500 _aDr. Yahalaylayla
650 _aOld Testament
856 _nKBTS; Library
_uKBTS; Elib.
942 _2ddc
_cBK
990 _a2
998 _cbat
_e2014-09-17
_mcat
_u2019-12-17
999 _c10972
_d10972